| 000 | 00579nam a2200229 a 4500 | ||
|---|---|---|---|
| 999 |
_c4517 _d4517 |
||
| 001 | 4517 | ||
| 003 | BD-JhCC | ||
| 005 | 20171128103750.0 | ||
| 008 | 171128s1985 n |||| || | 001 0 eng d | ||
| 035 | _a(BD-JhCC)4517 | ||
| 040 |
_aBD-JhCC _dBD-JhCC |
||
| 041 | _aeng | ||
| 082 |
_a658.15 _bTUL 1985 |
||
| 100 | _aTuleja, Tad | ||
| 245 |
_aBeyond The Bottom Line / _cTad Tuleja, |
||
| 260 |
_aNew York : _bFacts On File Publications, _c1985. |
||
| 300 |
_a222 p. : _c24 cm. |
||
| 650 | _aAccounting | ||
| 650 | _aCorporations Finance | ||
| 942 |
_2ddc _cBK |
||